| 000 | 00672nas a2200241 4500 | ||
|---|---|---|---|
| 001 | BR6006699 | ||
| 003 | BR-BrBNA | ||
| 005 | 20231205082031.0 | ||
| 007 | ta | ||
| 008 | 230509b bl.|||p| |||| 00| 00por d | ||
| 040 |
_aBR-BrBNA _bpor _cBiblioteca Nacional de Agricultura |
||
| 041 | _a(Pt) | ||
| 072 | _aC00 | ||
| 100 | 1 | _aCharlot, H. | |
| 245 | 1 | _aA cooperativa escolar | |
| 650 | _aEducacao | ||
| 650 | _aCooperativa escolar | ||
| 650 | _aEducacao cooperativa | ||
| 650 | _aPrograma educacional | ||
| 773 | 0 |
_tSul - Coop. Cooperativismo (Brazil) _x _g(May 1960), v. 12(62) p. 9-12 _wBR6006699 |
|
| 909 |
_a202311 _bLúcia _c55 _dLúcia Elande |
||
| 942 |
_2AGRIS _n0 _cANA |
||
| 999 |
_c88707 _d88707 |
||